| 000 | 00420nam a2200157Ia 4500 | ||
|---|---|---|---|
| 008 | 210716s2012 xx 000 0 und d | ||
| 020 | _a9780749465544 | ||
| 041 | _aeng | ||
| 082 | _a658.406 BEVT | ||
| 100 | _aBevington, Tom;Samson, Danny. | ||
| 245 | _aImplementing strategic change. | ||
| 250 | _a1 | ||
| 260 |
_aNew Delhi _bKogan Page _c2012 |
||
| 300 | _axii,233 | ||
| 650 | _aOrganizational Development & Change | ||
| 999 |
_c207771 _d207771 |
||